000 00533nam a22001817a 4500
008 150610b xxu||||| |||| 00| 0 eng d
041 0 _aeng
080 _a546.59
245 0 0 _aThe forty-niners.
260 _aNew York
_b[1974]
300 _a240 f. :
_bme il. :
_c28 cm.
490 _aThe Old West
505 _aIndex : f.238-240
650 0 _aThe gold-seekers
650 0 _aAri-kërkuesit
700 1 _aJohnson, William Weber,
_d1909-1992
942 _2udc
_cBK
999 _c1030
_d1030